[Event "Challenge"]
[Site "http://www.queenalice.com/game.php?id=212222"]
[Date "2007.5.17"]
[Round "-"]
[White "Hugo_Gtz"]
[Black "Brill"]
[Result "1-0"]
[WhiteElo "1743"]
[BlackElo "1216"]

1. Nc3 Nc6 2. d4 e6 3. g3 e5 4. dxe5 Nxe5 5. Bg2 Nf6 6. b3 c6 7. Bb2 Bc5 8. e3
O-O 9. Na4 Bb4+ 10. c3 Ba5 11. b4 Bc7 12. Ba3 d6 13. Ne2 Nc4 14. Bc1 b6 15. O-O
Ng4 16. Bxc6 Rb8 17. Nf4 b5 18. Nb2 Nce5 19. Bg2 Nh6 20. Nd5 Bb6 21. Nd3 Nhg4
22. Nxe5 Nxe5 23. a4 Qd7 24. Nxb6 Rxb6 25. a5 Rc6 26. Bxc6 Nxc6 27. Qe2 Ba6 28.
Bb2 Ne5 29. Rfd1 Qe7 30. Rd5 g5 31. Rad1 Ng6 32. Rxd6 Bc8 33. Qxb5 a6 34. Qb6
Ne5 35. Qc5 Kh8 36. c4 f6 37. Rxf6 Qxc5 38. bxc5 Rxf6 39. Bxe5 Kg7 40. Bxf6+
Kxf6 41. f3 Be6 42. Rd6 h5 43. Kf2 Ke5 44. Rxa6 Bc8 45. Rh6 Kf5 46. Rxh5 Ba6 47.
g4+ Ke5 48. Rxg5+ Kf6 49. Rf5+ Ke6 50. h4 Bxc4 51. f4 Bd3 52. Re5+ Kf6 53. c6
Ba6 54. Kg3 Kg6 55. c7 Bb7 56. h5+ Kh6 57. Rb5 Kh7 58. Rxb7 Kg7 59. c8=R+ Kf6
60. Rc6# 1-0

[Event "Challenge"]
[Site "http://www.queenalice.com/game.php?id=215137"]
[Date "2007.5.23"]
[Round "-"]
[White "farofa38"]
[Black "Brill"]
[Result "1-0"]
[WhiteElo "1474"]
[BlackElo "1142"]

1. g4 e5 2. e4 Nf6 3. Qf3 d6 4. Bc4 d5 5. exd5 Bxg4 6. Qg3 Bd6 7. f3 O-O 8. fxg4
Nfd7 9. h4 Nb6 10. d3 Qe8 11. Nd2 a5 12. a4 c6 13. dxc6 Nxc6 14. c3 Bb8 15. Qf2
Nxa4 16. Bb5 Bd6 17. Bxa4 Qe7 18. Ne4 Bb8 19. Qf5 g6 20. Qf3 Ra6 21. h5 Ra7 22.
Bh6 Re8 23. Nf6+ Kh8 24. hxg6 Rd8 25. g7# 1-0

[Event "Psy"]
[Site "http://www.queenalice.com/game.php?id=215139"]
[Date "2007.5.23"]
[Round "-"]
[White "brucce"]
[Black "Brill"]
[Result "1-0"]
[WhiteElo "1014"]
[BlackElo "1186"]

1. d4 e6 2. e4 d6 3. Be2 Nf6 4. Bg5 Be7 5. Na3 Nxe4 6. Be3 O-O 7. Qd3 Nc5 8.
dxc5 e5 9. Nh3 Na6 10. Ng5 e4 11. Qxe4 Bxg5 12. Bd3 Nxc5 13. Bxc5 Bh4 14. Qxh7#
1-0

[Event "AUTO-BEG-106"]
[Site "http://www.queenalice.com/game.php?id=220941"]
[Date "2007.6.5"]
[Round "1"]
[White "kingtrishul"]
[Black "Brill"]
[Result "0-1"]
[WhiteElo "1308"]
[BlackElo "1189"]

1. e4 d5 2. Nc3 Nf6 3. exd5 e6 4. dxe6 Bxe6 5. Nf3 Ng4 6. Ng5 Qxg5 7. d4 Bd6 8.
h3 Bf4 9. Bxf4 Qxf4 10. hxg4 Bxg4 11. f3 Be6 12. Bd3 Qg3+ 13. Kf1 O-O 14. Rh3
Bxh3 15. gxh3 Na6 16. Qd2 Rae8 17. Bxa6 bxa6 18. Nd5 Qxh3+ 0-1

[Event "Challenge"]
[Site "http://www.queenalice.com/game.php?id=225191"]
[Date "2007.6.15"]
[Round "-"]
[White "Brill"]
[Black "Hugo_Gtz"]
[Result "0-1"]
[WhiteElo "1204"]
[BlackElo "1744"]

1. e4 e5 2. Nf3 d6 3. Nc3 Nc6 4. b3 Bg4 5. Nb5 Nf6 6. c4 Nxe4 7. Be2 a6 8. Nc3
Nxc3 9. dxc3 g6 10. Rb1 Bg7 11. Nd2 Bf5 12. Rb2 O-O 13. g3 e4 14. Nb1 Re8 15.
Rd2 e3 16. fxe3 Rxe3 17. Rxd6 Rxe2+ 18. Qxe2 Qxd6 19. Rf1 Bxb1 20. Rf4 Bf5 21.
g4 Bd7 22. Be3 Re8 23. c5 Bxc3+ 24. Kf1 Qd5 25. Qc2 Rxe3 26. Qf2 Qh1+ 27. Qg1
Re1+ 28. Kf2 Qxg1+ 29. Kf3 Rf1+ 30. Ke4 Rxf4+ 31. Kxf4 Qxg4+ 32. Ke3 Bd4+ 33.
Kd3 Bxc5 34. Kc3 b5 35. h3 Qxh3+ 36. Kb2 b4 37. a4 Qg2+ 38. Kb1 Nd4 39. a5 Nc6
40. Kc1 Nxa5 41. Kd1 Nxb3 42. Ke1 Bb5 43. Kd1 Qd2# 0-1

[Event "Let's Play Chess!"]
[Site "http://www.queenalice.com/game.php?id=232132"]
[Date "2007.6.29"]
[Round "-"]
[White "bepke"]
[Black "Brill"]
[Result "1-0"]
[WhiteElo "1838"]
[BlackElo "1216"]

1. e4 e5 2. Nf3 Nc6 3. Bb5 Nd4 4. Nxd4 Qe7 5. Nf5 Qc5 6. Nc3 g6 7. d4 exd4 8.
Nd5 Qxb5 9. Nxc7+ Kd8 10. Nxb5 Bb4+ 11. Bd2 Bxd2+ 12. Qxd2 Nf6 13. Nfd6 Nxe4 14.
Nxe4 d5 15. Qxd4 Re8 16. Qxd5+ Bd7 17. O-O-O Rf8 18. Qxd7# 1-0

[Event "Challenge"]
[Site "http://www.queenalice.com/game.php?id=232152"]
[Date "2007.6.29"]
[Round "-"]
[White "Brill"]
[Black "shimella"]
[Result "0-1"]
[WhiteElo "1218"]
[BlackElo "1303"]

1. e4 e5 2. Bc4 Qe7 3. Nc3 c6 4. Nce2 d5 5. exd5 Qc5 6. Bb3 cxd5 7. Nc3 d4 8.
Na4 Qc6 9. d3 Qxg2 10. Qf3 Qxf3 11. Nxf3 Bg4 12. O-O Bxf3 13. Re1 f6 14. Be6 Nh6
15. c3 dxc3 16. bxc3 Na6 17. Re3 Bc6 18. Rg3 Bxa4 0-1

[Event "Challenge"]
[Site "http://www.queenalice.com/game.php?id=242001"]
[Date "2007.7.19"]
[Round "-"]
[White "wagner_k"]
[Black "Brill"]
[Result "1-0"]
[WhiteElo "1345"]
[BlackElo "1216"]

1. d4 e6 2. Nc3 Bb4 3. e4 Nc6 4. Bf4 d5 5. Bd3 Nf6 6. e5 Nd7 7. Qg4 Nf6 8. Qxg7
Rg8 9. exf6 Kd7 10. Qxf7+ Ne7 11. Bb5+ c6 12. Be2 b5 13. O-O-O c5 14. Bxb5# 1-0

[Event "Challenge"]
[Site "http://www.queenalice.com/game.php?id=249946"]
[Date "2007.8.3"]
[Round "-"]
[White "Hugo_Gtz"]
[Black "Brill"]
[Result "1-0"]
[WhiteElo "1771"]
[BlackElo "1194"]

1. d4 d5 2. Nf3 Nf6 3. Bg5 e6 4. e3 Bd6 5. Nc3 h6 6. Bh4 g6 7. Ne5 Rf8 8. Bb5+
Bd7 9. Bxd7+ Nbxd7 10. Nxd7 Qxd7 11. Bxf6 Be7 12. Bg7 Rg8 13. Bxh6 Bh4 14. h3
Qd6 15. Qe2 Rc8 16. Bf4 1-0

[Event "Challenge"]
[Site "http://www.queenalice.com/game.php?id=249948"]
[Date "2007.8.3"]
[Round "-"]
[White "Brill"]
[Black "Hugo_Gtz"]
[Result "0-1"]
[WhiteElo "1192"]
[BlackElo "1773"]

1. d4 d5 2. c3 e6 3. e3 c5 4. Qh5 Nf6 5. Qe5 c4 6. Nf3 Nc6 7. Qf4 Bd6 8. Qg5 O-O
9. Bd3 cxd3 10. O-O Ne4 11. Qxd8 Rxd8 12. b4 b5 13. Bb2 a5 14. a3 axb4 0-1